Θρησκευτικές και κοσμικές τελετές στη Βενετοκρατούμενη Κρήτη

Αποθηκεύτηκε σε:
Λεπτομέρειες βιβλιογραφικής εγγραφής
Κύριος συγγραφέας: Παπαδάκη, Ασπασία
Μορφή: Βιβλίο
Γλώσσα:Greek
Δημοσίευση: Ρέθυμνο :
Σειρά:Νέα Χριστιανική Πίστη ; ; Παράρτημα αρ. 1
Θέματα:
Ετικέτες: Προσθήκη ετικέτας
Δεν υπάρχουν, Καταχωρήστε ετικέτα πρώτοι!

MARC

LEADER 00000nam a2200000 i 4500
001 1/99312
008 950328s1993 gre d
020 |a 960-220-697-7 
035 |l 10011257 
040 |a GR-MY-UA  |b gre  |e aacr 
041 0 |a gre 
082 0 |a 390.094998 
100 1 |a Παπαδάκη, Ασπασία. 
245 1 0 |a Θρησκευτικές και κοσμικές τελετές στη Βενετοκρατούμενη Κρήτη /  |c Ασπασία Παπαδάκη 
260 |a Ρέθυμνο :  
300 |a 279 σ.  |b εικ. 
490 1 |a Νέα Χριστιανική Πίστη  |v ; Παράρτημα αρ. 1 
500 |a Το Παράρτημα αρ. 1 της Νέας Χριστιανικής Κρήτης εκδίδεται στη θέση του 2ου τεύχους του περιοδικού του έτους 1993 
650 0 0 |a Rites and ceremonies  |z Greece  |z Crete  |y Venetian rule, 1204-1669. 
651 0 |a Crete (Greece)  |x Religious and customs  |y Venetian rule, 1204-1669. 
830 0 |a Νέα Χριστιανική Πίστη ;  |v ; Παράρτημα αρ. 1 
852 |a INST  |b LESVOS  |e 19950328  |h 390.094998 ΠΑΠ  |p 005100001993  |q 005100001993  |t BK  |y 0 
909 |a Λ  |b 039968 
922 |a 1ΔΩΡ  |b 199503